00983 a2200277 45000010005000000030035000050050017000400080041000570200018000980400044001160800017001600820017001770900034001941000028002282400073002562500010003292600031003393000010003703620011003806500017003916500025004089520096004339520102005292450059006319990015006909383Complexo Educacional Contemporaneo20230919130231.0210317s2008 por d a9788502073968 aComplexo Educacional Contemporaneobpor aREF 030(038) aREF 030(038) aREF 030(038) A526mbAPc18.ed aAmora, Antônio Soares10aMinidicionário Soares Amora da Língua Portuguesa lPortuguês  a18.ed aSão PaulobSaraivac2008 a818p.0 a(2008) 4aDicionário 4aLingua Portuguêsa  00102udc4070a46.2b46.2d2021-03-17l0p04880r2023-09-19 13:02:31t1w2023-09-19yBKu 00102udc4070a46.2b46.2d2021-03-17g0.00l0p04881r2023-09-19 13:02:31t2w2023-09-19yBKu10aMinidicionário Soares Amora da Língua Portuguesa  c9383d9383